[Event "Matanzas Batalla de Ideas-B 4th"]
[Site "Matanzas"]
[Date "2007.07.15"]
[Round "1"]
[White "Alzugaray, Daniel"]
[Black "Borges del Pino, Oliver"]
[Result "0-1"]
[WhiteElo "2139"]
[BlackElo "2145"]
[PlyCount "92"]
[EventDate "2007.07.15"]
[EventType "tourn"]
[EventRounds "14"]
[EventCountry "CUB"]
[SourceTitle "EXT 2019"]
[Source "ChessBase"]
[SourceDate "2018.10.10"]
[SourceVersion "1"]
[SourceVersionDate "2018.10.10"]
[SourceQuality "1"]

1. e4 c5 2. Nf3 d6 3. Bb5+ Bd7 4. a4 Nc6 5. 0-0 g6 6. d3 Bg7 7. Nc3 Nf6 8. h3 0-0 9. Re1 Nd4 10. e5 dxe5 11. Nxe5 Bxb5 12. Nxb5 Nxb5 13. axb5 Qb6 14. Nc4 Qxb5 15. Rxe7 Nd5 16. Re1 Qd7 17. c3 b5 18. Ne5 Qf5 19. g4 Qc8 20. Qb3 Qe6 21. d4 cxd4 22. cxd4 a6 23. Bd2 Qd6 24. Rac1 Rac8 25. Rxc8 Rxc8 26. f4 Bxe5 27. fxe5 Qe6 28. Rf1 Rc4 29. Qd3 Qb6 30. Bc3 Qc7 31. Ba5 Qxa5 32. Qf3 Qd8 33. Qxf7+ Kh8 34. Qa7 Nc7 35. d5 Nxd5 36. b3 Rc7 37. Qd4 Rg7 38. Kh2 Kg8 39. Rd1 Rd7 40. e6 Rd6 41. Re1 Qe7 42. Qc5 Rd8 43. Qc6 Qc7+ 44. Qxc7 Nxc7 45. Rc1 Nxe6 46. Rc6 Nd4 0-1